00643nam a22002057a 450000500170000001000130001702000230003003500130005303700160006604000120008208200170009424500680011126000470017927000480022630000330027450000190030765000530032665000340037970000240041320170124110003.0 aA-459245 c330.00a8185330050 aA-459245 bCen Lib/Ret aDPLbEN a351.091bCEN aCentre-state relations in India /cedited by Bidyut Chakrabarty aNew DelhibSegment Book Distributorsc1990 bNew DelhiaE-256, Greater Kailash-1e100048 axxiv,298p. :c20cm(Hb)bill. aIncludes index aCentral-local government relations -- India.  aFederal government -- India.  aChakrabarty, Bidyut